00523nam a2200193 a 4500001001300000003000900013005001700022008004100039020002300080082001500103100002100118245003500139260004400174300000900218500003500227505002400262650002200286700002100308nice12345678IN_TiNIC20260116012301.0050524s1980 cala grp 000 0 eng  a0878089 c10000a269.2bLEN aLenning, Larry G aBlessing in Mosque and Mission aCaliforniabWilliam Carey Libraryc1980 a155p aincludes index and biblioraphy2 aBibliography, Index aEvangelistic Work1 aLenning, Larry G